000 00809nam a2200253Ia 4500
003 OSt
005 20220918171321.0
006 a|||||r|||| 00| 0
007 ta
008 220917b |||||||| |||| 00| 0 eng d
020 _a9781474439411 (hbk)
_cUKP 80.00
024 _a348,975
037 _b13795, 07/02/2019, Elite Publishers Distributors
_cTextual
040 _aARTS
_cARTS
_beng
041 _2eng
_aeng
082 _aO111,1L88:g, Q8
100 _aLennartz Norbert Ed.
_935736
245 0 _aByron and marginality
260 _aEdinburgh
_bEdinburgh University Press
_c2018
300 _aix,318p.
_ccm.
650 _aENGLISH LITERATURE
942 _hO111,1L88:g, Q8
_cTEXL
_2CC
999 _c139000
_d139000